000 01047cam a22003137a 4500
003 CHAP
005 20220329140453.0
008 971013s1983 r 00010 d
010 _a52437
011 _a53409
035 _a57559
040 _cCHAP
090 _aTesis
100 0 0 _aFerreira Centeno, Angel Virgilio.
_940383
245 1 4 _aLas funciones de comercialización en el sector agropecuario
260 _aMéxico :
_bEl autor,
_c1983
300 _a694 p.
502 _aTesis (Médico Veterinario Zootecnista) -- UANM. Fac. de Medicina Veterinaria y Zootecnia
590 _aALEPH
_b10
_c20130110
_lUCH01
_h1329
590 _aBATCH-UPD
_b10
_c20130110
_lUCH01
_h0816
590 _aBATCH-UPD
_b10
_c20130410
_lUCH01
_h0453
590 _aBATCH-UPD
_b10
_c20130914
_lUCH01
_h1358
590 _aCONVERSION
_b10
_c20130109
_lUCH01
_h1328
650 1 4 _aProductos agrícolas
_xMercadeo
_zMéxico.
_991999
650 1 4 _aProductos pecuarios
_xMercadeo
_xMéxico.
_992184
901 _aBK
942 _cTESIS
949 _bBC
_cTES
_d-125147
_eTS1
_i57559
_si
999 _c52437
_d52437